[Event "GER-chT Betriebe"]
[Site "Berlin"]
[Date "2006.10.07"]
[Round "5.3"]
[White "Haas, Peter"]
[Black "Figger, Udo"]
[Result "1/2-1/2"]
[WhiteElo "2070"]
[BlackElo "1906"]
[PlyCount "34"]
[EventDate "2006.10.05"]
[EventType "team-tourn"]
[EventRounds "7"]
[EventCountry "GER"]
[SourceTitle "EXT 2020"]
[Source "ChessBase"]
[SourceDate "2019.10.17"]
[SourceVersion "1"]
[SourceVersionDate "2019.10.17"]
[SourceQuality "1"]
[WhiteTeam "Muenchen ADAC"]
[BlackTeam "Hamburg Transit"]
[WhiteTeamCountry "GER"]
[BlackTeamCountry "GER"]

1. e4 a6 2. d4 b5 3. a4 Bb7 4. f3 b4 5. Nh3 e6 6. Bd3 Nf6 7. c4 d6 8. 0-0 c5 9. d5 e5 10. f4 Nbd7 11. Nd2 Be7 12. Nf3 Ng4 13. f5 h5 14. a5 Ndf6 15. Nhg5 Nh7 16. h4 Bxg5 17. Nxg5 Nhf6 1/2-1/2

[Event "GER-chT Betriebe"]
[Site "Berlin"]
[Date "2006.10.06"]
[Round "3.3"]
[White "Hein, Ralf"]
[Black "Figger, Udo"]
[Result "1-0"]
[WhiteElo "2163"]
[BlackElo "1906"]
[PlyCount "51"]
[EventDate "2006.10.05"]
[EventType "team-tourn"]
[EventRounds "7"]
[EventCountry "GER"]
[SourceTitle "EXT 2007"]
[Source "ChessBase"]
[SourceDate "2006.11.23"]
[SourceVersion "1"]
[SourceVersionDate "2006.11.23"]
[SourceQuality "1"]
[WhiteTeam "Hamburg Baubehoerde"]
[BlackTeam "Hamburg Transit"]
[WhiteTeamCountry "GER"]
[BlackTeamCountry "GER"]

1. e4 a6 2. d4 b5 3. Bd3 Bb7 4. Nf3 c5 5. dxc5 e6 6. b4 Qf6 7. c3 Nc6 8. Bg5 Qg6 9. h4 f6 10. h5 Qf7 11. Be3 Ne5 12. Nxe5 fxe5 13. a4 bxa4 14. Rxa4 Nf6 15. Nd2 d5 16. b5 Be7 17. c6 axb5 18. cxb7 Rxa4 19. Bxb5+ Nd7 20. b8Q+ Bd8 21. Qxa4 0-0 22. Bxd7 Bg5 23. Qxf8+ Qxf8 24. Bxe6+ Qf7 25. Qa8+ Bd8 26. Qxd8# 1-0